Fast Food Restaurants by a Picture of the Food - Statistics

General Stats
  • This quiz has been taken 101 times
  • The average score is 10 of 16
Answer Stats
Picture Answer % Correct
McDonalds
100%
Taco Bell
92%
Subway
84%
Wendys
83%
Chipotle
80%
Domino's
78%
Arby's
73%
Burger King
66%
Pizza hut
65%
Popeyes
65%
KFC
58%
5 guys
54%
Papa Johns
49%
Waffle House
49%
Jimmy Johns
41%
Steak and Shake
5%
No matching quizzes found
Score Distribution
Percent of People with Each Score
Percentile by Number Answered
Your Score History
You have not taken this quiz